000 00580nam a2200193Ia 4500
003 GCL
008 140319s9999 xx 000 0 ara d
040 _aGCL /
_cGCL
082 0 4 _a398.21
_bج ن
100 1 _aجيهان سليمان
245 1 0 _aنساء اغرب من الخيال /
_cجيهان سليمان
300 _a160 ص
490 _aالهيئة العامة للاستعلامات
_v0
650 0 4 _aالادب الشعبى
650 0 4 _aالخرافات
650 0 4 _aالخرافات الدينية
650 0 4 _aخوارق الطبيعة
942 _2ddc
_cBK
999 _c47810
_d47810